| 000 | 00895nam a22002417a 4500 | ||
|---|---|---|---|
| 005 | 20100323105356.0 | ||
| 008 | 100323t xxu||||| |||| 00| 0 eng d | ||
| 010 | _aENG-95923 | ||
| 020 |
_a9788184840278 _c750.00 |
||
| 035 | _aEN-79456 | ||
| 037 | _bDBAD/PUB | ||
| 040 | _aDPL | ||
| 082 | _a333.79 | ||
| 100 | _aBasir Ahmed | ||
| 245 |
_aEnergy security: _cby Basir Ahmed _bemerging issues in the world energy market/ |
||
| 260 |
_aNew Delhi _bRegal Publications _c2009 |
||
| 270 |
_aF-159, Rajouri Garden _bNew Delhi _e110027 |
||
| 300 |
_axxii, 199p. : _c22 cm. (Hb) |
||
| 500 | _aIncludes bibliographical reference and index | ||
| 650 | _aEnergy policy | ||
| 942 |
_2ddc _cEN _mAHM _h333.79 |
||
| 999 |
_c34837 _d34837 |
||